[Event "Reggio Emilia 53rd"]
[Site "Reggio Emilia"]
[Date "2011.01.06"]
[Round "9"]
[White "Navara, David"]
[Black "Short, Nigel D"]
[Result "1-0"]
[WhiteElo "2708"]
[BlackElo "2680"]
[Annotator "Ftacnik,L"]
[PlyCount "85"]
[EventDate "2010.12.28"]
[EventType "tourn"]
[EventRounds "9"]
[EventCountry "ITA"]
[EventCategory "18"]
[SourceTitle "CBM 140"]
[Source "ChessBase"]
[SourceDate "2011.01.18"]
[SourceVersion "1"]
[SourceVersionDate "2011.01.18"]
[SourceQuality "1"]

1. c4 e5 2. Nc3 d6 3. g3 Nc6 4. Bg2 g6 5. Rb1 h5 6. h4 Bg7 7. b4 Nh6 {Fixing
the structure on the kingside offers more freedom for the development of the
black pieces, but complicates the efforts to get serious counterplay in the
middlegame.} 8. d3 (8. b5 Nd4 9. e3 Ne6 10. Nge2 O-O 11. d3 f5 12. f4 exf4 13.
exf4 Re8 14. O-O Ng4 15. d4 a6 16. bxa6 Rxa6 17. Bxb7 Bxb7 18. Rxb7 Qa8 19. Rb3
{1-0 Schwarzmeier,K (2100)-Stierhof,M (1960)/Germany 1995 (43)} c5 $1 $17) 8...
O-O (8... Nd4 9. Nh3 (9. e3 Ne6 10. Nge2 O-O 11. d4 exd4 12. exd4 Nf5 13. d5
Ned4 14. O-O Nxe2+ 15. Nxe2 Re8 16. Re1 Bd7 17. Bg5 Qb8 18. Qd2 a5 19. b5 Qa7
20. Nc3 Qd4 21. Ne4 Qxd2 22. Bxd2 $11 {0-1 Rohacek,M (2247)-Likavsky,T (2493)/
Slovakia 2006 (58)}) 9... O-O 10. b5 a6 11. a4 a5 12. Ng5 Rb8 13. e3 {1/2-1/2
Dely,P (2480)-Hazai,L (2200)/Hungary 1973}) 9. Nf3 a6 10. a4 Nd4 {Short sees
no problem in opening the a-file for his rook, the second approach was tied to
taming White's initiative with 10...a5.} (10... a5 11. b5 Nb4 12. Nd5 Nxd5 13.
cxd5 f5 14. Bg5 Qe8 15. Rc1 e4 16. dxe4 fxe4 17. Nd2 Ng4 18. Nxe4 Bf5 19. Rc4
Ne5 20. Rxc7 Bxe4 21. Bxe4 Ng4 22. f3 Qe5 23. Rh3 $16 {1/2-1/2 Suba,M (2540)
-Hodgson,J (2545)/London 1991 (67)}) 11. b5 axb5 12. axb5 Bd7 {Full equality
in this line is very hard to obtain, Black is looking for ways to limit the
damage.} (12... Nhf5 13. Nxd4 Nxd4 14. O-O Ra7 15. e3 Ne6 16. Bb2 $14) 13. Nxd4
exd4 14. Nd5 Ng4 15. Bg5 f6 {The f-pawn advance was certainly not desirable,
but Black was facing the danger of being at a serious disadvantage.} (15... Nf6
16. O-O c6 (16... Ra2 17. Bf3 Ra8 18. Nxf6+ Bxf6 19. Bxf6 Qxf6 20. Bxb7 $16)
17. Nb6 $1 Ra7 18. bxc6 bxc6 19. Nxd7 Qxd7 20. Rb6 $16) 16. Bf4 Rc8 {
Objectively the task for the defender was especially difficult, as no serious
equalising plan is available. The rook move looks like a loss of a tempo.} (
16... Ne5 17. Nb4 Qc8 18. Nc2 c5 19. bxc6 Bxc6 20. Bxc6 Nxc6 21. Bxd6 Rd8 22.
Bf4 $16) (16... Rb8 17. c5 $16) 17. Nb4 $1 Rb8 (17... c5 18. bxc6 Bxc6 19. Nxc6
bxc6 20. Qa4 $16) 18. Nc2 f5 19. b6 $1 Bc6 {Navara is pushing hard, but Black
is keeping his nerves under control and working on improving his pieces.} (
19... Be5 20. Bg5 Qc8 21. O-O c6 22. Qd2 $14) 20. bxc7 Qxc7 21. O-O Be5 22. Qd2
Rfe8 23. Rfe1 Bxg2 24. Kxg2 d5 $2 {This active advance in the centre might
easily prove to have been a critical mistake. Black could have tried to get
counterplay with a slightly more clever blow 24...b5!?} (24... b5 $5 25. cxb5 (
25. Bxe5 dxe5 26. f3 Nf6 27. cxb5 Nd5 $11) 25... Nf6 26. Bxe5 dxe5 27. Qg5 Kg7
$14) 25. Rb4 $1 (25. Bxe5 Rxe5 26. Qg5 Kh7 27. Nxd4 dxc4 28. dxc4 Qxc4 29. Rb6
$14) 25... Rbd8 (25... Qd6 26. cxd5 Qxd5+ 27. Kg1 Red8 28. Bxe5 Qxe5 29. Rb6
Qg7 30. Reb1 $16) 26. Nxd4 $1 {[%mdl 64] Fortune favours the brave and this
daring move is a perfect solution refuting the opponent's concept.} dxc4 (26...
Qc5 27. Bxe5 Nxe5 28. cxd5 $16) 27. Rxc4 Qf7 28. Bxe5 Nxe5 29. Rb4 {The demise
of the central pawn is serious also in the respect of leaving Black with an
inferior pawn structure and b7 as a liability.} Rd7 (29... Nc6 30. Nxc6 bxc6
31. Reb1 $16) 30. Ra1 Qd5+ 31. Kg1 Kh7 32. Ra7 Rc8 33. Qb2 Rcc7 34. Ra8 (34.
Nb5 Rc8 35. Rd4 Qc6 36. Rxd7+ Nxd7 37. Qb4 $18) 34... Re7 35. Qa1 $1 {Navara
is working his way into the enemy position, apart from defending the b7-pawn
Short must worry about a potential mating attack.} Rc5 36. Rb1 {White refuses
to take any risks with the spirited 36.f4! forcing his way along the a1-h8
diagonal.} (36. f4 $1 Rec7 (36... Nd7 37. Nf3 $18) 37. Nb3 Nf3+ 38. exf3 Rc3
39. Rb6 Qxd3 40. Qe1 $18) 36... Qd7 37. Qa4 Qd5 (37... Qxa4 38. Rxa4 Nc6 39.
Kg2 Nxd4 40. Rxd4 b5 41. e3 $16) 38. Rb8 Rec7 (38... Rcc7 39. Qa8 Kg7 40. Rh8
Qf7 41. Rb6 $18) 39. Qa1 Ra5 (39... Nd7 40. Rd8 Qe5 41. Ne6 Qxa1 42. Rxa1 Rc1+
43. Rxc1 Rxc1+ 44. Kg2 $18) 40. Qb2 Ra2 41. Qb6 {The white pieces are cleverly
entering Black's defences, the game is over.} Rd7 (41... Rf7 42. Ne6 Rxe2 (
42... Re7 43. Rd8 $18) 43. Nf4 Qf3 44. Nxe2 Qxe2 45. Qd8 $18) 42. Qf6 Qxd4 (
42... Rg7 43. Ne6 $18) 43. Rh8# {The losing side is rarely ready to accept the
picture of his king actually being mated on the board...} 1-0

[Event "St Maxime-02"]
[Site "St Maxime"]
[Date "1982.05.??"]
[Round "6"]
[White "Manouck, Thierry"]
[Black "Giffard, Nicolas"]
[Result "1-0"]
[WhiteElo "2400"]
[BlackElo "2345"]
[Annotator "Giffard,N"]
[PlyCount "161"]
[EventDate "1982.05.??"]
[EventType "tourn"]
[EventRounds "13"]
[EventCountry "FRA"]
[EventCategory "7"]
[SourceTitle "EXT 2018"]
[Source "ChessBase"]
[SourceDate "2017.10.13"]
[SourceVersion "1"]
[SourceVersionDate "2017.10.13"]
[SourceQuality "1"]
[TimeControl "40/9000:16/5400:0"]

1. c4 e5 2. g3 Nc6 3. Bg2 d6 4. Nc3 Be6 5. d3 Qd7 6. Rb1 Nge7 7. b4 d5 8. b5
Nd8 9. Qb3 dxc4 (9... d4 10. Ne4 Ng6 11. h4 h5 12. Nf3 a6 13. a4 axb5 14. axb5
Be7 15. Bd2 Bf5 16. O-O Bh3 17. Ra1 Rb8 18. Bb4 Bxg2 19. Kxg2 Ne6 20. Rfb1 f5
21. Ned2 O-O 22. Bxe7 Qxe7 23. Qc2 Rbe8 24. Ra7 Nc5 25. Nb3 e4 26. Ng5 f4 27.
dxe4 fxg3 28. fxg3 Nxh4+ 29. gxh4 Qd7 30. Nf3 d3 31. Qd2 Qg4+ {0-1 (31) Stean,
M (2530)-Ljubojevic,L (2590) London 1980}) 10. dxc4 Nf5 11. Nf3 f6 12. O-O Bd6
$146 (12... c6 13. Rd1 Qc7 14. bxc6 bxc6 15. Qa4 Nd6 16. Nd2 Kf7 17. Ba3 N6b7
18. Nde4 Bxa3 19. Qxa3 Re8 20. Nd6+ Nxd6 21. Rxd6 Re7 22. Nb5 cxb5 23. Bxa8
Bxc4 24. Bd5+ Ne6 25. Rc1 a5 26. Rc6 Qd7 27. Bxe6+ Rxe6 28. Rxe6 Kxe6 29. Qxa5
Bxe2 30. Qb6+ Kf5 31. Qe3 Qd3 32. Qxd3+ Bxd3 33. Rc7 Kg6 34. f3 e4 35. fxe4
Bxe4 36. a3 h5 37. Kf2 Kh6 38. Ke3 Bg2 39. Kd4 g5 40. Rc2 Bh3 41. Kc5 {1-0 (41)
Quinteros,M (2515)-Panno,O (2540) Quilmes 1980}) 13. Rd1 Qf7 14. Nd5 O-O 15. e4
$14 Ne7 16. Ba3 b6 {[%csl Rc6]} 17. Ne1 Nb7 18. Rbc1 Nxd5 19. cxd5 {[%csl Rc7]}
Bc8 20. Nd3 f5 21. f4 $1 fxe4 22. Nxe5 Qe7 23. Bxe4 Nc5 24. Bxc5 bxc5 25. Re1
g5 26. Bg2 Qg7 27. Rf1 Bf5 28. Nc4 Qd4+ 29. Kh1 Bd3 30. Rfd1 Bxc4 31. Rxc4 Qg7
32. fxg5 Qxg5 33. Rc2 Rae8 34. Qc4 Re3 35. Rf1 Rxf1+ 36. Qxf1 Qe5 37. Rc1 Rxg3
$4 (37... Re2 $11) 38. hxg3 Qxg3 39. Kg1 (39. Qg1 {[%cal Gg1g8]} Qh4+ 40. Bh3+
{[%cal Gg1g8]}) 39... Qe3+ 40. Kh1 Qg3 41. Qg1 {[%cal Gg1g8]} Kh8 (41... Qh4+
42. Bh3+ $18) 42. Rc4 Bf4 43. Rxf4 $1 Qxf4 44. Qxc5 Qh4+ 45. Kg1 Qe1+ 46. Kh2
Qe5+ 47. Kh3 Qh5+ 48. Kg3 Qe5+ 49. Kf2 Qb2+ 50. Ke3 Qe5+ 51. Be4 Kg8 52. Kd3
Qa1 53. Qxc7 Qd1+ 54. Ke3 Qe1+ 55. Kd4 Qg1+ 56. Kc3 Qe1+ 57. Kd3 Qd1+ 58. Ke3
Qe1+ 59. Kf4 Qh4+ 60. Kf5 Qh3+ 61. Kf6 Qh4+ 62. Kf5 Qh3+ 63. Kf6 Qh4+ 64. Ke6
Qxe4+ 65. Qe5 Qg4+ 66. Ke7 Qh4+ 67. Ke8 Qf2 68. Qg5+ Kh8 69. Qe5+ Kg8 70. d6
Qf8+ 71. Kd7 Qf2 72. Kc8 Qc2+ 73. Kb7 Qd3 74. a4 h5 75. Qe6+ Kh8 76. d7 Qf3+
77. Kxa7 Qf2+ 78. b6 Qd2 79. Qe8+ Kh7 80. d8=Q Qa5+ 81. Kb7 1-0

[Event "Antwerp op"]
[Site "Antwerp"]
[Date "1996.??.??"]
[Round "7"]
[White "Gurevich, Mikhail"]
[Black "Rytshagov, Mikhail"]
[Result "1-0"]
[WhiteElo "2605"]
[BlackElo "2495"]
[Annotator "Gurevich,M"]
[PlyCount "45"]
[EventDate "1996.07.??"]
[EventType "swiss"]
[EventRounds "9"]
[EventCountry "BEL"]
[SourceTitle "EXT 1997"]
[Source "ChessBase"]
[SourceDate "1996.11.15"]
[SourceVersion "1"]
[SourceVersionDate "1996.11.15"]
[SourceQuality "1"]

1. c4 Nf6 2. Nc3 e5 3. g3 Bc5 4. Bg2 O-O 5. e3 Nc6 6. Nge2 d5 $5 {TN(?)} (6...
Re8 7. d3 d6 8. O-O Bf5 9. a3 a5 10. h3 h6 11. Kh2 Qd7 12. e4 Bg6 13. f4 exf4
14. Nxf4 $14 {1-0 Galego,L-Medina,M Capablanca mem-B 1995}) 7. Nxd5 (7. cxd5
Nb4 8. d4 exd4 (8... Bf5 9. dxc5 Nc2+ 10. Kf1 Nxa1 11. e4 $18) 9. exd4 Be7 (
9... Bb6 10. Bg5 h6 (10... Bf5 11. O-O Re8 $44) 11. Bxf6 Qxf6 12. a3 Na6 13.
O-O $14) 10. O-O (10. Nf4 Bf5 11. O-O Nc2 12. Rb1 Nb4 13. Ra1 Nc2 $10)) 7...
Nxd5 8. cxd5 Nb4 9. Qb3 (9. Nc3 Bf5 $36) 9... c6 $1 10. d4 (10. dxc6 Nd3+ 11.
Kf1 bxc6 $36) 10... exd4 11. exd4 Bb6 $1 12. dxc6 (12. O-O Nxd5 $15) 12... Nxc6
(12... Bf5 13. cxb7 Rb8 14. O-O Nc2 15. Bf4 $16) 13. d5 Qf6 (13... Ba5+ $5 14.
Nc3 (14. Kf1 Ne5 $44) 14... Nd4 15. Qd1 Re8+ 16. Be3 Nf5 17. O-O Nxe3 18. fxe3
Rxe3 19. Qh5 $13) 14. Be3 (14. O-O Bg4 (14... Ne5) 15. dxc6 Bxe2 16. cxb7 Bxf1
17. Bf3 Rab8 18. Kxf1 Rxb7 19. Bg5 $13) 14... Bxe3 15. Qxe3 (15. fxe3 Ne5 $36)
15... Bg4 $1 (15... Qxb2 16. Qc3 Qxc3+ 17. Nxc3 $14) 16. Qf4 $6 (16. dxc6 $5
Rae8 17. Be4 Qxb2 (17... Bxe2 $2 18. Kxe2 Qxb2+ 19. Kf3 $18) (17... Rxe4 18.
Qxe4 Bf3 19. Qd4 Bxh1 20. Qxf6 gxf6 21. cxb7 $16) 18. Rb1 Qxe2+ 19. Qxe2 Bxe2
20. Kxe2 Rxe4+ 21. Kf3 $16) 16... Qxb2 17. O-O Bxe2 18. Rfb1 Qa3 $6 (18... Qd4
$2 19. dxc6 Qxf4 20. cxb7 Qe5 21. bxa8=Q Rxa8 22. Bxa8 $14) (18... Qf6 $5 19.
Qxf6 gxf6 20. dxc6 bxc6 21. Bxc6 Rac8 $10) 19. dxc6 bxc6 20. Bxc6 Rad8 (20...
Rac8 21. Bd5 $36 {(><f7)}) 21. Rb7 a6 22. Ba4 $5 {[/\23.Bb3]} Bf3 $2 $138 (
22... Qf3 23. Qxf3 Bxf3 $10) 23. Rb3 (23. Rb3 Qxa2 24. Ra3 $1 $18) 1-0

[Event "Lost Boys op"]
[Site "Antwerp"]
[Date "1997.08.08"]
[Round "7"]
[White "Gurevich, Mikhail"]
[Black "Nikolic, Predrag"]
[Result "1/2-1/2"]
[WhiteElo "2620"]
[BlackElo "2630"]
[Annotator "Gurevich,M"]
[PlyCount "48"]
[EventDate "1997.08.02"]
[EventType "swiss"]
[EventRounds "9"]
[EventCountry "BEL"]
[SourceTitle "CBM 059 Extra"]
[Source "ChessBase"]
[SourceDate "1997.09.26"]
[SourceVersion "1"]
[SourceVersionDate "1997.09.26"]
[SourceQuality "1"]

1. c4 e5 2. Nc3 Nc6 3. g3 g6 4. Bg2 Bg7 5. Rb1 a5 6. d3 d6 7. e3 f5 8. Nge2 Nf6
9. b3 O-O 10. Bb2 Be6 $5 {[/\11...d5<=>]} (10... Bd7 {-51/29}) 11. Nd5 Bf7 $5 {
[/\12...Nxd5]} (11... Bxd5 12. cxd5 Nb4 (12... Ne7 13. Nc3 c6 14. dxc6 bxc6 15.
d4 $14) 13. Nc3 c6 14. dxc6 $14) 12. Nec3 (12. O-O $5 Nxd5 13. cxd5 Ne7 (13...
Nb4 14. Nc3 c6 15. dxc6 Nxc6 16. Nd5 $14) 14. e4 c6 15. dxc6 bxc6 16. exf5 gxf5
17. d4 $14) 12... Nxd5 13. Nxd5 (13. cxd5 Ne7 14. O-O (14. e4 f4 $5 $132) 14...
c6 15. dxc6 bxc6 $13) 13... Nb8 $1 {[/\14...c6, 15...Nd7]} 14. Nc3 c6 $11 15.
O-O Nd7 (15... d5 $6 16. cxd5 cxd5 17. Ba3 Re8 18. Nb5 $36) 16. Qd2 (16. d4 e4
$13 17. d5 $6 c5 18. Nb5 Bxb2 19. Rxb2 Ne5 $132) 16... Nf6 17. Rbe1 Re8 18. e4
(18. f4 Qb6 $132 19. d4 $6 exd4 20. exd4 d5 $15 {(/\21...Ne4)}) 18... f4 $1 19.
Bh3 $1 {[/\20.Kh1, 21.Rg1 <=>>>]} (19. gxf4 $2 Bh6 20. Ne2 Nh5 $40) 19... Nh5
20. Qd1 (20. g4 $2 Qh4 $17) 20... Qf6 21. Kh1 Bh6 $1 {[/\Nh5-g7-e6-d4]} 22. Ne2
$1 $11 Be6 (22... Ng7 $6 23. gxf4 Bxf4 24. Nxf4 Qxf4 25. Bc1 Qh4 (25... Qf6 26.
f4 $16) 26. Qg4 Qxg4 27. Bxg4 $132 {[/\28.f4]}) (22... b5 $6 23. cxb5 cxb5 24.
Nc3 b4 25. Nd5 $14) 23. Bxe6+ Qxe6 24. Ng1 $1 {[/\25.d4|^]} (24. d4 $6 fxg3 25.
fxg3 Qh3 $36) 24... c5 $1 $11 1/2-1/2

[Event "Reggio Emilia Top16 33rd"]
[Site "Reggio Emilia"]
[Date "1991.??.??"]
[Round "?"]
[White "Gurevich, Mikhail"]
[Black "Kamsky, Gata"]
[Result "1-0"]
[WhiteElo "2650"]
[BlackElo "2640"]
[Annotator "Gurevich,M"]
[PlyCount "127"]
[EventDate "1991.01.??"]
[EventType "tourn"]
[EventRounds "14"]
[EventCountry "ITA"]
[EventCategory "16"]
[SourceTitle "CBM 022"]
[Source "ChessBase"]
[SourceDate "1991.06.01"]
[SourceVersion "1"]
[SourceVersionDate "1991.06.01"]
[SourceQuality "1"]

1. c4 {Ribli} e5 2. g3 Nc6 3. Bg2 g6 4. Nc3 Bg7 5. Rb1 a5 6. d3 d6 7. e3 f5 8.
Nge2 Nf6 9. b3 $5 {/\ Bb2, Qd2, 0-0, f4 <=> [+]} O-O 10. Bb2 Bd7 $6 (10... Nh5
11. Bf3 Be6 12. O-O Bf7 13. Bg2 Re8 14. Qd2 Nf6 15. e4 $5 f4 16. gxf4 Bh6 17.
Qd1 exf4 18. Nd5 Nxd5 19. cxd5 Ne5 {Gurevitch-Ehlvest/Reggio Emilia/1991/} 20.
f3 $16) 11. Qd2 Rb8 12. O-O b6 13. Rbe1 $5 {/\ f4, e4} Kh8 14. f4 Ng4 15. Nd5
$13 (15. h3 Nf6 16. e4 Nh5) 15... Be6 16. h3 Nh6 17. Nec3 Qd7 18. Nb5 Rbc8 19.
d4 $5 {/\ 20.Ndc7 Rc7 21.d5 +/-} Bxd5 20. Bxd5 Nb4 21. dxe5 dxe5 (21... c6 {
Ribli} 22. Nxd6 cxd5 23. Nxc8 Rxc8 24. a3 Nc6 25. cxd5 $18) 22. a3 Na6 (22...
Nxd5 23. Qxd5 Qxd5 24. cxd5 Rfd8 25. Rd1 $16) 23. fxe5 $1 c6 24. e6 $1 Qe7 25.
Bxg7+ Qxg7 (25... Kxg7 26. Qd4+ Rf6 (26... Kg8 27. Qxb6) 27. g4 $1 $16) 26. Nd6
Rc7 (26... Qe5 27. Qd4 Qxd4 28. exd4 Rb8 29. e7 $18) 27. e4 $1 Re7 (27... cxd5
28. exd5 {/\ 29.Nb5, 30.d6 +/-}) 28. exf5 gxf5 29. Bxc6 Nc5 (29... Qxg3+ $5 30.
Bg2 Rg8) 30. Kh2 Nxb3 (30... Rxe6 31. Rxe6 Nxe6 32. Bd5 $16) 31. Qg2 $1 Nc5 32.
Bd5 Nd3 33. Re3 Ne5 {/\ 34... Ng4} 34. Qe2 Ng6 35. Ref3 Qf6 $138 36. Nxf5 Nxf5
37. Rxf5 Qxf5 38. Rxf5 Rxf5 39. h4 $1 $18 {/\ 40.Qb2, 41.Qb6} Rg7 40. Qb2 Ne7
41. Qxb6 Rf8 (41... Nxd5 42. cxd5 Rxd5 43. Qb8+ Rg8 44. Qb2+ Rg7 45. e7 $18)
42. Qd6 Kg8 43. Be4 Rc8 44. c5 Kh8 45. Qe5 Ng8 46. c6 Rcc7 47. Qxa5 Nf6 48. Bf3
Rce7 49. Qd8+ Ng8 50. Qd4 Rc7 51. Qe5 Ra7 52. h5 Rac7 53. a4 Nh6 54. Kh3 Ng8
55. a5 Ra7 56. Be4 Rac7 57. g4 h6 58. Kg3 Rce7 59. Bg6 Rc7 60. Bf7 Rxc6 61. e7
Nxe7 62. Qxe7 Rc3+ 63. Kh4 Rxf7 64. Qe5+ (64. Qxf7 $4 $10) (64. Qxf7 $4 {Ribli}
Rh3+ $1 $10) 1-0

[Event "Lost Boys op"]
[Site "Amsterdam"]
[Date "2000.08.18"]
[Round "8"]
[White "Gurevich, Mikhail"]
[Black "Piket, Jeroen"]
[Result "1/2-1/2"]
[WhiteElo "2667"]
[BlackElo "2649"]
[Annotator "Gurevich,M"]
[PlyCount "83"]
[EventDate "2000.08.05"]
[EventType "swiss"]
[EventRounds "9"]
[EventCountry "NED"]
[SourceTitle "CBM 077 Extra"]
[Source "ChessBase"]
[SourceDate "2000.09.14"]
[SourceVersion "1"]
[SourceVersionDate "2000.09.14"]
[SourceQuality "1"]

1. c4 g6 2. Nc3 Bg7 3. g3 e5 4. Bg2 Nc6 5. Rb1 f5 6. b4 a6 $5 (6... Nf6 7. b5 {
1-0 Bareev,E-Piket,J/Montecatini Terme ITA 2000/The Week in Chess 300 (40) -})
7. d3 d6 8. e3 Nf6 9. Nge2 O-O 10. O-O Kh8 11. a3 $5 {[/\12. Bb2, 13.Qd2,
f2-f4 <=>[+]]} (11. a4) 11... Ne7 12. Nd5 (12. f4 $5 {(/\ 13.Bb2)}) 12... Nexd5
13. cxd5 Bd7 14. Bb2 Rc8 15. Rc1 Qe8 16. Qd2 g5 $5 (16... c6 $5 17. dxc6 Bxc6
18. Bxc6 Rxc6 $13 19. d4 Ne4 20. Qd3 Ng5 $132) 17. f4 Qh5 18. fxe5 Ng4 19. h3
Nxe5 20. Nd4 $1 $14 c6 $5 (20... g4 21. h4 {(/\22.Rf2,23.Rcf1)}) 21. dxc6 (21.
Ne6 $5 Bxe6 22. dxe6 d5 (22... Rce8 23. d4 Ng6 24. d5 $36) 23. e7 Rf7 24. e4 $1
(24. Bxd5 Rxe7) 24... dxe4 25. dxe4 Re8 26. Rxf5 $36) 21... bxc6 22. Rf2 $6 (
22. Nf3 $5 Nxf3+ 23. Rxf3 Qg6 (23... c5 24. Bxg7+ Kxg7 25. bxc5 dxc5 26. Qc3+
$36) 24. Bxg7+ Qxg7 25. d4 $14) 22... Qg6 23. Nf3 Nxf3+ 24. Rxf3 Bxb2 25. Qxb2+
Qg7 26. Qxg7+ Kxg7 27. d4 {[/\Rf3-f2-c2]} Rfe8 28. Rc3 c5 $1 $11 29. bxc5 dxc5
30. Bf1 (30. dxc5 Re5 31. Bf1 a5 $15) 30... g4 $5 31. hxg4 fxg4 32. Rf4 cxd4
33. Rd3 $5 (33. Rxc8 Bxc8 34. exd4 Re3 $17) 33... Rxe3 34. Rfxd4 Rxd3 35. Bxd3
Bb5 $138 (35... Rc1+ 36. Kf2 Bc8 37. Rd6 a5 $15) 36. Rxg4+ Kf6 37. Bxh7 Rc1+
38. Kf2 Ra1 39. Rf4+ Kg7 40. Be4 Ra2+ 41. Ke3 Rxa3+ 42. Kf2 1/2-1/2

[Event "Lost Boys op"]
[Site "Amsterdam"]
[Date "2000.08.14"]
[Round "4"]
[White "Gurevich, Mikhail"]
[Black "Sokolov, Ivan"]
[Result "1/2-1/2"]
[WhiteElo "2667"]
[BlackElo "2611"]
[Annotator "Gurevich,M"]
[PlyCount "83"]
[EventDate "2000.08.05"]
[EventType "swiss"]
[EventRounds "9"]
[EventCountry "NED"]
[SourceTitle "CBM 077 Extra"]
[Source "ChessBase"]
[SourceDate "2000.09.14"]
[SourceVersion "1"]
[SourceVersionDate "2000.09.14"]
[SourceQuality "1"]

1. c4 e5 2. g3 Nc6 3. Bg2 f5 4. Nc3 Nf6 5. e3 g6 6. d3 Bg7 7. Rb1 a5 8. b3 O-O
9. Nge2 d6 10. O-O g5 11. f4 gxf4 12. exf4 Kh8 {TN} (12... Ng4 13. h3 Nh6 14.
Be3 Nd4 15. Qd2 Nf7 16. Bf2 Nxe2+ 17. Nxe2 c6 18. Rbd1 h5 19. fxe5 dxe5 20. d4
$16 {Winants,L-Nijboer,F Tilburg 1992 1-0 (59)}) 13. Bb2 $5 {[/\ 14.Qd2,15.
Rbe1]} Nd4 14. Qd2 c6 15. Rbe1 Re8 16. Nd1 $1 {[ /\ 17.Ne3,18.fxe5; xf5 ]} c5
17. Ne3 Bh6 18. Nxd4 (18. Nc3 $5 $14 {(/\ 19.Ned5)}) 18... cxd4 19. Nd5 Nxd5
20. Bxd5 Qb6 $6 (20... a4 21. b4 a3 22. Bc1 $14 {(/\ 23.Qd1)}) 21. Qd1 $1 $40 {
[/\22.Qh5]} Bg7 22. Qh5 Bd7 23. Bf7 a4 24. Bg6 h6 25. fxe5 (25. Bxe8 Rxe8 26.
fxe5 dxe5 (26... Rxe5 27. Qh4 $1 $18) 27. Rxf5 axb3 28. axb3 Bxf5 29. Qxe8+ Kh7
30. Rxe5 $18) 25... Rxe5 26. Rxe5 $2 (26. Bc1 Re3 (26... axb3 27. Bxh6 $18) 27.
Bxe3 dxe3 28. Re2 axb3 29. axb3 Qxb3 30. Bxf5 Bxf5 (30... Ra5 31. g4 $18) 31.
Qxf5 Rf8 32. Qe4 $18) 26... dxe5 27. Bc1 Ra6 $1 28. Bxf5 Bxf5 29. Qxf5 axb3 30.
axb3 Qxb3 $11 31. g4 $5 Qb6 $5 {[/\ 32...Qg6]} 32. g5 (32. h3 Ra2 {(/\33...
Qc6<=>)}) 32... Qg6 33. Qxg6 Rxg6 34. Rf7 hxg5 35. Rxb7 g4 36. Kg2 e4 $1 37.
dxe4 Rc6 38. Rb4 (38. Kg3 Rxc4 39. Bf4 d3 $11) 38... Re6 39. Bf4 Rxe4 40. Kg3
d3 41. Rb8+ Kh7 42. Rd8 1/2-1/2

[Event "Champigny sur Marne op"]
[Site "Champigny sur Marne"]
[Date "1984.04.??"]
[Round "?"]
[White "Forintos, Gyozo Victor"]
[Black "Haik, Aldo"]
[Result "0-1"]
[WhiteElo "2440"]
[BlackElo "2405"]
[Annotator "Haik,A"]
[PlyCount "76"]
[EventDate "1984.04.01"]
[EventType "swiss"]
[EventRounds "9"]
[EventCountry "FRA"]
[SourceTitle "EXT 2015"]
[Source "ChessBase"]
[SourceDate "2014.11.20"]
[SourceVersion "1"]
[SourceVersionDate "2014.11.20"]
[SourceQuality "1"]

1. c4 e5 2. Nc3 Nc6 3. g3 g6 4. Bg2 Bg7 5. e3 Nf6 6. Nge2 O-O 7. O-O Re8 8. d3
d6 9. Qb3 $146 (9. f4 exf4 10. gxf4 Ng4 11. e4 f5 12. h3 Nf6 13. Ng3 Be6 14.
Nd5 Qd7 15. Kh2 Nd4 16. Bd2 c6 17. Ne3 Qf7 18. Bc3 Nd7 19. Qd2 Rab8 20. Rae1
Kh8 21. b3 a6 22. Qb2 c5 23. Ne2 Nxe2 24. Bxg7+ Qxg7 25. Qxg7+ Kxg7 26. Rxe2
Nf6 27. Rfe1 Bd7 28. Nd5 fxe4 29. dxe4 Nxd5 30. cxd5 g5 31. fxg5 Re5 32. Rf2
Rxg5 33. Ref1 Rd8 34. Rf7+ Kg8 35. R1f6 Rg6 36. e5 Rxf6 37. Rxf6 dxe5 38. Rd6
Kf8 {Stein,L-Vasiukov,E Tallinn 1965 1-0}) 9... Nd7 10. Na4 Nb6 11. Nec3 Bf5
12. Rd1 Qd7 13. Nxb6 axb6 14. Qc2 Nb4 15. Qe2 c6 16. e4 Bg4 17. f3 Be6 18. Be3
d5 $1 {C'est la seule façon de justifier le jeu des Noirs} 19. a3 d4 $1 {
Sacrifie un P pour la paire de B} 20. axb4 dxe3 21. Qxe3 Bf8 22. Rxa8 Rxa8 23.
Qxb6 Ra6 24. Qe3 Bxb4 25. f4 Bg4 26. Rc1 (26. Bf3) 26... Qd4 27. Kf2 Bc5 28.
Qxd4 Bxd4+ 29. Kf1 exf4 30. h3 Be6 31. gxf4 Be3 32. Rc2 Bxf4 33. Kf2 Be5 34.
Ne2 c5 35. b4 cxb4 36. d4 b3 37. Rb2 Ra2 38. Rxb3 Bxc4 0-1

[Event "VISA Nordic GP Final"]
[Site "Gentofte"]
[Date "1999.08.14"]
[Round "7"]
[White "Akesson, Ralf"]
[Black "Westerinen, Heikki MJ"]
[Result "1-0"]
[WhiteElo "2535"]
[BlackElo "2382"]
[Annotator "Hecht,H"]
[PlyCount "89"]
[EventDate "1999.08.05"]
[EventType "tourn"]
[EventRounds "13"]
[EventCountry "DEN"]
[EventCategory "9"]
[SourceTitle "CBM 073"]
[Source "ChessBase"]
[SourceDate "1999.12.01"]
[SourceVersion "1"]
[SourceVersionDate "1999.12.01"]
[SourceQuality "1"]

1. c4 e5 2. Nc3 Nc6 3. g3 g6 4. Bg2 Bg7 5. Rb1 Nf6 6. b4 O-O 7. b5 Ne7 8. Nf3
d5 9. Nxe5 Ne4 10. f4 Nxc3 11. dxc3 f6 12. Nf3 Bf5 13. Rb4 c5 14. bxc6 bxc6 15.
Nd4 c5 16. Nxf5 cxb4 17. Nxe7+ Qxe7 18. Bxd5+ Kh8 19. cxb4 Qxb4+ 20. Bd2 Qc5
21. Bxa8 Rxa8 22. Qb3 Qd4 23. Qc3 Qe4 24. Qf3 Qxf3 25. exf3 Rc8 26. Ke2 Rxc4
27. Rc1 Rxc1 28. Bxc1 {[#] Der weiße Vorteil besteht in der weitaus besseren
Königsstellung, was den Ba7 kostet.} Kg8 29. Kd3 Kf7 30. Kc4 f5 (30... Ke6 31.
Kb5 Kd5 32. Bb2 $18 {[%cal Rg3g4,Rg4g5]}) 31. Be3 a6 32. Bd4 Bf8 33. Bc5 Bg7
34. Kd5 Bc3 35. a4 Be1 36. Bb6 Ke7 37. Kc6 Ke6 38. a5 Bc3 39. Kb7 Kd5 40. Kxa6
Kc6 41. Ka7 Bxa5 (41... Bb4 42. a6 Bd6 43. Bd4 Bc7 44. Be5 $18) 42. Bxa5 Kc5
43. g4 Kd4 44. g5 Ke3 45. Bc7 1-0